Startup launchbook : (Record no. 240938)
[ view plain ]
| 000 -LEADER | |
|---|---|
| fixed length control field | 02031nam a22002057a 4500 |
| 005 - DATE AND TIME OF LATEST TRANSACTION | |
| control field | 20260306133246.0 |
| 008 - FIXED-LENGTH DATA ELEMENTS--GENERAL INFORMATION | |
| fixed length control field | 260221b 3 |||||||| |||| 00| 0 eng d |
| 020 ## - INTERNATIONAL STANDARD BOOK NUMBER | |
| International Standard Book Number | 9789388991124 |
| 040 ## - CATALOGING SOURCE | |
| Transcribing agency | AIMIT LIBRARY |
| 082 ## - DEWEY DECIMAL CLASSIFICATION NUMBER | |
| Edition number | 1 |
| Classification number | 338.04 |
| Item number | BATA |
| 100 ## - MAIN ENTRY--PERSONAL NAME | |
| Personal name | Batra, Ajay. |
| 9 (RLIN) | 256336 |
| 245 ## - TITLE STATEMENT | |
| Title | Startup launchbook : |
| Remainder of title | practical guide for launching customer centric ventures / |
| Statement of responsibility, etc. | By Ajay Batra. |
| 300 ## - PHYSICAL DESCRIPTION | |
| Extent | xxxvi,355 p.; |
| Other physical details | HB |
| Dimensions | 19.5 cm. |
| 500 ## - GENERAL NOTE | |
| General note | "The Startup LaunchBook is a practical guide for entrepreneurs who wish to design, launch, and grow successful startups. Based on the author’s work with hundreds of startups, this book has curated global startup success lessons in an actionable 5-stage framework. Use the book's Startup Maturity Model to develop an entrepreneurial mindset that helps convert an idea into a successful startup. Leverage the book’s practices to build fundamentally-sound, investable and customer-centric ventures." |
| 505 ## - FORMATTED CONTENTS NOTE | |
| Statement of responsibility | About the Author<br/>Ajay Batra is an entrepreneur, mentor, angel investor, and an active contributor to the innovation and startup ecosystems. He has been recognized for his ground-breaking work in Design Thinking and Startup Incubation. Currently he is an Executive Vice President at Wadhwani Foundation, leading the global Wadhwani Venture Fastrack program. He is the Founding Director of Centre for Innovation Lab Entrepreneurship at Bennett University, where he also headed Bennett Hatchery — the startup incubator. Ajay has co-founded QAI Global, International Education Exchange, and Lutyens Startups; and has consulted with stellar organizations like Accenture, IBM, Sony, Wipro, HCL and Azim Premji Foundation. He was the only Indian to be selected for IDEO’s global program on Design Thinking for Social Impact and has recently been recognized as Top 10 educators in the world by Arist, USA. |
| 650 ## - SUBJECT ADDED ENTRY--TOPICAL TERM | |
| Topical term or geographic name entry element | Global startup ecosystem |
| 9 (RLIN) | 256337 |
| 650 ## - SUBJECT ADDED ENTRY--TOPICAL TERM | |
| Topical term or geographic name entry element | Team skills |
| 9 (RLIN) | 256338 |
| 650 ## - SUBJECT ADDED ENTRY--TOPICAL TERM | |
| Topical term or geographic name entry element | Customer empathy plan |
| 9 (RLIN) | 256339 |
| 942 ## - ADDED ENTRY ELEMENTS (KOHA) | |
| Source of classification or shelving scheme | Dewey Decimal Classification |
| Koha item type | Book |
| Edition | 1 |
| Call number prefix | 338.04 BATA |
| Withdrawn status | Lost status | Source of classification or shelving scheme | Damaged status | Not for loan | Collection code | Home library | Current library | Shelving location | Date acquired | Source of acquisition | Cost, normal purchase price | Inventory number | Total Checkouts | Full call number | Barcode | Date last seen | Koha item type |
|---|---|---|---|---|---|---|---|---|---|---|---|---|---|---|---|---|---|
| Dewey Decimal Classification | MBA | St Aloysius Institute of Management & Information Technology | St Aloysius Institute of Management & Information Technology | Entrepreneurship | 02/12/2026 | SK Publishers & Distributors | 1119.00 | Bill.no:SKP4043;Bill.dt:2026/2/2 | 338.04 BATA | MBA15287 | 05/23/2026 | Book |